[Event "AUT-chT2W 2122"]
[Site "Austria"]
[Date "2022.06.04"]
[Round "7.1"]
[White "Berchtold, Guenter"]
[Black "Elsaesser, Daniel"]
[Result "1/2-1/2"]
[WhiteElo "1892"]
[BlackElo "1407"]
[PlyCount "73"]
[EventDate "2021.10.15"]
[EventType "team-tourn"]
[EventRounds "11"]
[EventCountry "AUT"]
[SourceTitle "EXT 2023"]
[Source "ChessBase"]
[SourceDate "2022.10.05"]
[SourceVersion "1"]
[SourceVersionDate "2022.10.05"]
[SourceQuality "1"]
[WhiteTeam "Wolfurt"]
[BlackTeam "Salzburg Royal"]
[WhiteTeamCountry "AUT"]
[BlackTeamCountry "AUT"]

1. d4 d5 2. Nf3 Nf6 3. Bf4 c5 4. e3 e6 5. c3 Bd6 6. Bb5+ Nc6 7. Ne5 Qc7 8. Nd2 0-0 9. Ndf3 Nd7 10. Nxd7 Bxd7 11. Bxd6 Qxd6 12. Bd3 e5 13. dxe5 Nxe5 14. Nxe5 Qxe5 15. 0-0 Rae8 16. Qc2 f5 17. g3 Bc6 18. Rfe1 Kh8 19. f4 Qf6 20. Bf1 Re6 21. Qd2 Rfe8 22. Rad1 d4 23. cxd4 cxd4 24. Qxd4 Qxd4 25. Rxd4 Rxe3 26. Rxe3 Rxe3 27. Rd8+ Re8 28. Rxe8+ Bxe8 29. Kf2 Kg8 30. Ke3 Kf7 31. Kd4 Ke6 32. Bc4+ Kd6 33. b4 b6 34. a3 a6 35. h4 Bd7 36. Bb3 Bc8 37. Bc4 1/2-1/2

[Event "AUT-ch U16"]
[Site "St Veit"]
[Date "2021.10.29"]
[Round "7.4"]
[White "Elsaesser, Daniel"]
[Black "Weichhart, Daniel"]
[Result "1/2-1/2"]
[WhiteElo "1407"]
[BlackElo "1862"]
[PlyCount "139"]
[EventDate "2021.10.25"]
[EventType "swiss"]
[EventRounds "7"]
[EventCountry "AUT"]
[SourceTitle "EXT 2023"]
[Source "ChessBase"]
[SourceDate "2022.10.05"]
[SourceVersion "1"]
[SourceVersionDate "2022.10.05"]
[SourceQuality "1"]

1. e4 c5 2. Nf3 Nc6 3. d4 cxd4 4. Nxd4 Nf6 5. Nc3 e5 6. Nf3 Bb4 7. Bc4 0-0 8. Qd3 Bxc3+ 9. bxc3 d5 10. Bxd5 Nxd5 11. Qxd5 Be6 12. Qd3 f6 13. 0-0 Qc7 14. Nd2 Na5 15. Qg3 Rac8 16. Bb2 Rfd8 17. Qe3 b6 18. a3 Rd7 19. Rfd1 Rcd8 20. Qe2 Qd6 21. h3 Qc5 22. Kh2 Bc4 23. Nxc4 Nxc4 24. Rxd7 Rxd7 25. Bc1 a5 26. a4 Qc6 27. Qg4 Rc7 28. Rb1 Qd7 29. Qe2 Qxa4 30. Be3 Qc6 31. Qg4 Nxe3 32. fxe3 g6 33. c4 Rb7 34. Qd1 Qxc4 35. Qd5+ Qxd5 36. exd5 Kf7 37. c4 Ke7 38. Kg3 Kd6 39. Rb5 a4 40. e4 Kc7 41. c5 bxc5 42. Rxc5+ Kb6 43. Rc1 a3 44. Rc6+ Kb5 45. Rc2 Kb4 46. d6 Rd7 47. Rc6 a2 48. Ra6 Kb3 49. Rb6+ Kc4 50. Ra6 Rxd6 51. Rxa2 Kd3 52. Kf3 Rc6 53. Ra8 Kd2 54. Kf2 Rc4 55. Ra2+ Kd3 56. Kf3 f5 57. exf5 gxf5 58. Ra7 e4+ 59. Kf2 Rc2+ 60. Kf1 e3 61. Rd7+ Ke4 62. Rxh7 Rf2+ 63. Kg1 Kf4 64. Re7 Ra2 65. Kf1 Ra1+ 66. Ke2 Ra2+ 67. Kf1 Ra1+ 68. Ke2 Rg1 69. Rg7 Ra1 70. Re7 1/2-1/2

[Event "AUT-ch U16"]
[Site "St Veit"]
[Date "2021.10.27"]
[Round "5.7"]
[White "Pribozic, Manuel"]
[Black "Elsaesser, Daniel"]
[Result "0-1"]
[WhiteElo "1518"]
[BlackElo "1407"]
[PlyCount "108"]
[EventDate "2021.10.25"]
[EventType "swiss"]
[EventRounds "7"]
[EventCountry "AUT"]
[SourceTitle "EXT 2023"]
[Source "ChessBase"]
[SourceDate "2022.10.05"]
[SourceVersion "1"]
[SourceVersionDate "2022.10.05"]
[SourceQuality "1"]

1. e4 e5 2. Nf3 Nc6 3. d4 exd4 4. Bc4 Bc5 5. 0-0 Nf6 6. c3 dxc3 7. Nxc3 d6 8. Bg5 Bg4 9. Nd5 Ne5 10. Be2 Bxf3 11. Bxf3 c6 12. b4 Bb6 13. Nxb6 axb6 14. Be2 h6 15. Bxf6 Qxf6 16. f4 Ng6 17. e5 dxe5 18. fxe5 Qxe5 19. Bc4 0-0 20. Qc2 Qd4+ 21. Kh1 Ne5 22. Rfc1 Qxc4 23. Qxc4 Nxc4 24. Rxc4 Rfe8 25. Rc2 Re4 26. Rb2 Rae8 27. h3 Re2 28. Rab1 Rxb2 29. Rxb2 Re1+ 30. Kh2 Kf8 31. Kg3 Ke7 32. Kf2 Re5 33. Kf3 Kd6 34. Kf4 Re7 35. Rd2+ Kc7 36. Rc2 b5 37. a3 b6 38. Rc3 g6 39. Kf3 f6 40. Kf4 Re5 41. g3 c5 42. bxc5 bxc5 43. Kf3 c4 44. a4 Kb6 45. axb5 Kxb5 46. Kf4 Kc5 47. Kf3 Kd4 48. Rc1 c3 49. Rd1+ Kc4 50. Rc1 Kb3 51. Rb1+ Ka2 52. Rb8 c2 53. Rc8 Kb3 54. Rb8+ Kc4 0-1

[Event "AUT-ch U16"]
[Site "St Veit"]
[Date "2021.10.25"]
[Round "2.9"]
[White "Leitner, Thomas"]
[Black "Elsaesser, Daniel"]
[Result "0-1"]
[WhiteElo "1723"]
[BlackElo "1407"]
[PlyCount "74"]
[EventDate "2021.10.25"]
[EventType "swiss"]
[EventRounds "7"]
[EventCountry "AUT"]
[SourceTitle "EXT 2023"]
[Source "ChessBase"]
[SourceDate "2022.10.05"]
[SourceVersion "1"]
[SourceVersionDate "2022.10.05"]
[SourceQuality "1"]

1. d4 d5 2. c4 e6 3. Nc3 Nf6 4. Nf3 Nbd7 5. Bg5 c6 6. e3 Qa5 7. Nd2 Bb4 8. Qc2 0-0 9. Be2 dxc4 10. Bxf6 Nxf6 11. Nxc4 Qg5 12. 0-0 Nd5 13. Nxd5 exd5 14. Ne5 Bd6 15. Nf3 Qf6 16. h3 Re8 17. Rfd1 Bf5 18. Qb3 Re7 19. Rac1 Rae8 20. Nh2 Bxh3 21. Ng4 Bxg4 22. Bxg4 Qh4 23. Bf3 f5 24. a3 Kh8 25. Rc3 f4 26. Kf1 g5 27. Rdc1 g4 28. Bxd5 cxd5 29. Qxd5 fxe3 30. fxe3 Rf8+ 31. Ke2 Qf2+ 32. Kd3 Rxe3+ 33. Kc4 Rxc3+ 34. Rxc3 Qf1+ 35. Kb3 Qf7 36. Qxf7 Rxf7 37. Kc4 Rc7+ 0-1

[Event "AUT-ch U10"]
[Site "St Veit"]
[Date "2016.05.27"]
[Round "3.3"]
[White "Elsaesser, Daniel"]
[Black "Maiberg, Leon"]
[Result "1-0"]
[WhiteElo "1187"]
[BlackElo "1230"]
[PlyCount "113"]
[EventDate "2016.05.27"]
[EventType "swiss"]
[EventRounds "7"]
[EventCountry "AUT"]
[SourceTitle "EXT 2024"]
[Source "ChessBase"]
[SourceDate "2023.10.10"]
[SourceVersion "1"]
[SourceVersionDate "2023.10.10"]
[SourceQuality "1"]

1. e4 c6 2. d4 d5 3. exd5 cxd5 4. Bd3 Nc6 5. c3 Nf6 6. h3 g6 7. Bg5 Bg7 8. Nf3 Qb6 9. Qc2 0-0 10. 0-0 Bd7 11. Nbd2 Rac8 12. Qb3 Na5 13. Qxb6 axb6 14. Ne5 Rfd8 15. Nxd7 Rxd7 16. Bxf6 Bxf6 17. Be2 Nc4 18. Nxc4 dxc4 19. Bg4 e6 20. Rad1 Ra8 21. a3 Rd5 22. Bf3 Rb5 23. Rd2 Ra7 24. Be2 Ra4 25. Bf3 Ra7 26. d5 exd5 27. Bxd5 Ra4 28. Bxb7 Ra7 29. Bc6 Rc5 30. Bf3 Rb5 31. Be2 Ra4 32. Bf3 Rc5 33. Rd6 Bxc3 34. bxc3 Rxa3 35. Rc1 Rb5 36. Rc6 Ra4 37. Rc8+ Kg7 38. Bc6 Rc5 39. Bxa4 Rxc8 40. Rb1 Ra8 41. Bb5 Ra3 42. Bxc4 Rxc3 43. Bd5 Rc5 44. Bf3 Rc2 45. Rxb6 Rc1+ 46. Kh2 Rc2 47. Kg3 h5 48. Rb7 h4+ 49. Kxh4 Rxf2 50. Re7 Kf6 51. Re2 Rf1 52. Re4 Kf5 53. g4+ Kf6 54. g5+ Kf5 55. Bg2 Rg1 56. Rg4 f6 57. Be4+ 1-0

[Event "AUT-ch U10"]
[Site "St Veit"]
[Date "2016.05.27"]
[Round "1.11"]
[White "Elsaesser, Daniel"]
[Black "Unterrieder, Romano"]
[Result "1-0"]
[WhiteElo "1187"]
[BlackElo "1023"]
[PlyCount "109"]
[EventDate "2016.05.27"]
[EventType "swiss"]
[EventRounds "7"]
[EventCountry "AUT"]
[SourceTitle "EXT 2024"]
[Source "ChessBase"]
[SourceDate "2023.10.10"]
[SourceVersion "1"]
[SourceVersionDate "2023.10.10"]
[SourceQuality "1"]

1. e4 g6 2. d4 d6 3. Nf3 Bg7 4. Nc3 Nf6 5. Be2 0-0 6. 0-0 c6 7. d5 Bg4 8. Bg5 Nbd7 9. h3 Bxf3 10. Bxf3 Qc7 11. Qd2 Rfe8 12. Rad1 Rad8 13. Rfe1 e5 14. Qe3 b5 15. a3 a5 16. b4 a4 17. Rd3 Rc8 18. Bd1 c5 19. Na2 c4 20. Rc3 Qb7 21. Nc1 Nb6 22. Ne2 Red8 23. Ng3 Rd7 24. Bxf6 Bxf6 25. Bg4 h5 26. Bxd7 Qxd7 27. Qf3 Bg7 28. Rce3 Bh6 29. R3e2 c3 30. Nf1 Nc4 31. Ra1 Nb2 32. Ne3 Bxe3 33. Rxe3 f5 34. exf5 Rf8 35. Rxc3 Rxf5 36. Qe2 Qf7 37. Rf3 Rxf3 38. Qxf3 Qxf3 39. gxf3 Nc4 40. Kf1 Nd2+ 41. Ke2 Nc4 42. Kd3 Nb6 43. Ke4 Kf7 44. Rd1 Kf6 45. f4 exf4 46. Kxf4 Nc4 47. Rd3 Ne5 48. Re3 Nc4 49. Rc3 g5+ 50. Kg3 Kf5 51. Rxc4 bxc4 52. b5 Kf6 53. b6 Ke7 54. b7 Kd7 55. b8Q 1-0